Destruction monétaire et déséquilibre économique.
Deštrukcia, čiže rozklad meny, je podľa autora príčinou hospodárskej nerovnováhy. Nevýhody rozkladu meny. Ako k nemu dochádza. Ako to riešiť. Prihovára sa za reformu tvorby meny. (Haute finance 1992, č.15).
Na minha lista:
| Autor principal: | |
|---|---|
| Formato: | Capítulo de Livro |
| Idioma: | francês |
| Assuntos: | |
| Tags: |
Sem tags, seja o primeiro a adicionar uma tag!
|
MARC
| LEADER | 00000naa a2200000 4500 | ||
|---|---|---|---|
| 001 | r009596 | ||
| 005 | 20220913124331.0 | ||
| 041 | 0 | |a fre | |
| 044 | |a FR | ||
| 245 | 1 | 0 | |a Destruction monétaire et déséquilibre économique. |c R. Chuilon |
| 520 | |a Deštrukcia, čiže rozklad meny, je podľa autora príčinou hospodárskej nerovnováhy. Nevýhody rozkladu meny. Ako k nemu dochádza. Ako to riešiť. Prihovára sa za reformu tvorby meny. (Haute finance 1992, č.15). | ||
| 610 | 2 | 0 | |a mena |
| 610 | 2 | 0 | |a politika menová |
| 610 | 2 | 0 | |a nerovnováha hospodárska |
| 610 | 2 | 0 | |a reformy menové |
| 100 | 1 | |a Chuilon, R. | |